000 01005cam a22003131a 4500
001 76642
003 BD-RjUL
005 20211209082852.0
008 191229s1963 enk 000 0 eng
035 _a(BD-RjUL)76866
035 _a(OCoLC)12580818
040 _aDLC
_cNKipM
_dFJ
_dNBrockU
_dUk
_dDLC
_beng
041 _aeng
043 _ae-uk-en
082 _a709.42
_223
_bBUE 1963
100 1 _aBuxton, John.
_9237100
245 1 0 _aElizabethan taste /
_cby John Buxton.
260 _aLondon :
_bMacmillan,
_c1963.
300 _axiv, 370 p. :
_bill. ports. ;
_c23 cm.
504 _a"Notes and references" ; p. 339-356.
650 0 _aArt, English
_y16th century.
_9237101
650 0 _aEnglish literature
_yEarly modern, 1500-1700
_xHistory and criticism.
_9237102
650 0 _aMusic
_zEngland
_y16th century
_xHistory and criticism.
_9237103
906 _a7
_bcbc
_coclcrpl
_du
_encip
_f19
_gy-gencatlg
942 _2ddc
_cBK
999 _c76642
_d76642